Tazkira-I-Hazrat Muhaddis-E-Deccan. (Record no. 13399)

MARC details
000 -LEADER
fixed length control field 00615nam a2200241 a 4500
020 ## - INTERNATIONAL STANDARD BOOK NUMBER
ISBN
082 00 - DEWEY DECIMAL CLASSIFICATION NUMBER
Classification number 297.4
Author Cutter QAD
100 ## - MAIN ENTRY--AUTHOR NAME
Author name Qadri, M Abdus Sattar Khan
245 ## - TITLE STATEMENT
Title Tazkira-I-Hazrat Muhaddis-E-Deccan.
260 ## - PUBLICATION, DISTRIBUTION, ETC. (IMPRINT)
Place of publication Hyderabad
Name of publisher Minar Book Depo.
Year of publication 1999
300 ## - PHYSICAL DESCRIPTION
Number of Pages 645p
500 ## - GENERAL NOTE
General note includes index and biblioraphy
505 2# - FORMATTED CONTENTS NOTE
Formatted contents note Index
650 ## - SUBJECT ADDED ENTRY--TOPICAL TERM
Topical Term Sufism-Muhaddis-E-Deccan
942 ## - ADDED ENTRY ELEMENTS (KOHA)
Koha item type Books
700 1# -
-- Qadri, M Abdus Sattar Khan
Holdings
Collection code Home library Current library Date acquired Cost, normal purchase price Full call number Accession Number Koha item type
  Henry Martyn Institute Library Henry Martyn Institute Library 09/27/2007 200.00 297.4 QAD 019859 Books
                   Copyright © 2026 | Henry Martyn Institute | Hyderabad | TS-500052 | INDIA | Implemented by hmi.edu.in
Hit-Count:

Powered by Koha